UM Logo

National geographic. (Record no. 7649)

MARC details
000 -LEADER
fixed length control field 00412nam a22001217a 4500
008 - FIXED-LENGTH DATA ELEMENTS--GENERAL INFORMATION
fixed length control field 171103b xxu||||| |||| 00| 0 eng d
082 ## - DEWEY DECIMAL CLASSIFICATION NUMBER
Edition number April - June 2000
Classification number DPer 910
Item number N213
245 ## - TITLE STATEMENT
Title National geographic.
260 ## - PUBLICATION, DISTRIBUTION, ETC. (IMPRINT)
Place of publication, distribution, etc. Washington, D.C. :
Name of publisher, distributor, etc. National Geographic Society,
Date of publication, distribution, etc. April-June 2000.
300 ## - PHYSICAL DESCRIPTION
Extent 1(various paging):
Other physical details color illustrations;
Dimensions 25 cm
650 #0 - SUBJECT ADDED ENTRY--TOPICAL TERM
9 (RLIN) 23081
Topical term or geographic name as entry element Geography
Form subdivision Periodicals
942 ## - ADDED ENTRY ELEMENTS (KOHA)
Source of classification or shelving scheme Dewey Decimal Classification
Koha item type Periodicals
Holdings
Withdrawn status Lost status Source of classification or shelving scheme Damaged status Not for loan Collection code Home library Current library Source of acquisition Total Checkouts Full call number Barcode Date last seen Copy number Price effective from Koha item type Public note
    Dewey Decimal Classification     Periodicals UM Digos College - LIC UM Digos College - LIC Purchased   DPer 910 N213 April - June 2000, v.197 n.4-6 00148 06/08/2021 1 11/03/2017 Periodicals Bound Periodicals